| 000 | 00000nam 2200000za 4500 |
| 001 | 9.674489 |
| 003 | CaOODSP |
| 005 | 20210624224755 |
| 007 | cr ||||||||||| |
| 008 | 150407s2002 xxc|||||o f|0| 0 eng d |
| 040 | |aCaOODSP|beng |
| 041 | |aeng |
| 041 | |afre |
| 043 | |an-cn--- |
| 086 | 1 |aS53-38/2002-PDF |
| 110 | 1 |aCanada. |bPublic Works and Government Services Canada. |bTranslation Bureau. |
| 245 | 10|aCIHR Lexicon |h[electronic resource] / |cby the Terminology and Standardization Directorate of the Translation Bureau in collaboration with CIHR's Translation Service. |
| 246 | 1 |iAdditional title (within publication) : |aCanadian Institutes of Health Research lexicon |
| 260 | |aOttawa : |bPublic Works and Government Services Canada,|c2002. |
| 300 | |a111 p. |
| 500 | |a"The lexicon contains more than 1700 entries..." -- Introd. |
| 504 | |aBibliography. |
| 590 | |a07-04-Supp|b2007-06-29 |
| 690 | 07|aMedical research|2gcpds |
| 690 | 07|aTerminology|2gcpds |
| 792 | |tLexique des IRSC |efre|w(CaOODSP)9.674490 |
| 856 | 40|ahttp://publications.gc.ca|qPDF|s428 KB|uhttps://publications.gc.ca/collections/Collection/S53-38-2002.pdf |